| 000 | 00617nam a2200205Ia 4500 | ||
|---|---|---|---|
| 003 | GCL | ||
| 008 | 140319s9999 xx 000 0 ara d | ||
| 040 |
_aGCL / _cGCL |
||
| 082 | 0 | 4 |
_aط _b372.63 _bس ر |
| 100 | 1 | _aسفير | |
| 245 | 1 | 0 |
_aروضة الحروف فى تعليم اللغة العربية الكتاب الثانى / _cسفير |
| 700 | 1 | _aمحمود جاب الله (رسوم) | |
| 260 |
_a[S.N] : _bسفير ، _c1990 |
||
| 300 | _a36 | ||
| 490 |
_aروضة الحروف _v0 |
||
| 650 | 0 | 4 | _aالاطفال |
| 650 | 0 | 4 | _aتعليم |
| 650 | 0 | 4 | _aالحروف الابجدية |
| 942 |
_2ddc _cBK |
||
| 999 |
_c57072 _d57072 |
||